[Event "Wch Seniors 65 26th"]
[Site "Marianske Lazne"]
[Date "2016.11.23"]
[Round "5"]
[White "Belokopyt, Boris Khaimovich"]
[Black "Peierl, Walter"]
[Result "0-1"]
[WhiteElo "1898"]
[BlackElo "1741"]
[PlyCount "80"]
[EventDate "2016.11.19"]
[EventType "swiss"]
[EventRounds "11"]
[EventCountry "CZE"]
[SourceTitle "CBM 175 Extra"]
[Source "ChessBase"]
[SourceDate "2016.12.12"]
[SourceVersion "1"]
[SourceVersionDate "2016.12.12"]
[SourceQuality "1"]

1. d4 Nf6 2. Nf3 d5 3. g3 Nbd7 4. Bg2 c6 5. 0-0 e6 6. b3 Bd6 7. c4 0-0 8. Nc3 Ne4 9. Nxe4 dxe4 10. Ng5 e3 11. Bxe3 h6 12. Ne4 Bc7 13. Nc3 f5 14. f4 Nf6 15. h3 Ba5 16. Qc2 g5 17. Rac1 Nh5 18. Kh2 Bc7 19. Qd2 Kh7 20. Rf3 Rg8 21. c5 Qf6 22. fxg5 hxg5 23. Bf2 Ba5 24. Qd3 Bxc3 25. Qxc3 Bd7 26. e4 f4 27. g4 Ng7 28. Qd3 Ne8 29. e5+ Qg6 30. Qxg6+ Kxg6 31. h4 Rh8 32. h5+ Kh6 33. b4 Nc7 34. Rb3 a5 35. bxa5 Rhb8 36. Be1 Ra7 37. a4 Nd5 38. Bxd5 cxd5 39. Rb6 Bc6 40. Rb4 Re8 0-1

[Event "EU Amateur-ch"]
[Site "Kaunas"]
[Date "2015.08.12"]
[Round "5"]
[White "Belokopyt, Boris Khaimovich"]
[Black "Butvilas, Aistis"]
[Result "1-0"]
[WhiteElo "1904"]
[BlackElo "1623"]
[PlyCount "81"]
[EventDate "2015.08.09"]
[EventType "swiss"]
[EventRounds "9"]
[EventCountry "LTU"]
[SourceTitle "CBM 167 Extra"]
[Source "ChessBase"]
[SourceDate "2015.09.14"]
[SourceVersion "1"]
[SourceVersionDate "2015.09.14"]
[SourceQuality "1"]

1. Nf3 Nf6 2. g3 g6 3. Bg2 Bg7 4. c4 0-0 5. d4 d6 6. Nc3 Re8 7. e4 c6 8. 0-0 Qc7 9. h3 e5 10. d5 Nbd7 11. Be3 Rf8 12. Rc1 Ne8 13. b4 f5 14. c5 dxc5 15. dxc6 bxc6 16. Qb3+ Kh8 17. Ng5 Ndf6 18. Bxc5 Rb8 19. Bxf8 Bxf8 20. a3 a5 21. Nd5 Nxd5 22. exd5 c5 23. Ne6 Bxe6 24. dxe6 Qg7 25. b5 Nc7 26. b6 Ne8 27. Qb5 Qf6 28. Bd5 Ng7 29. Qxa5 Qd8 30. Rfd1 Qxb6 31. Qxb6 Rxb6 32. Rb1 Rxe6 33. Bxe6 Nxe6 34. a4 Nd4 35. Rb8 Kg7 36. Rdb1 Be7 37. a5 c4 38. Rc8 c3 39. Rb7 Kf6 40. a6 c2 41. Kf1 1-0

[Event "EU Amateur-ch"]
[Site "Kaunas"]
[Date "2015.08.12"]
[Round "4"]
[White "Belokopyt, Boris Khaimovich"]
[Black "Makackas, Povilas"]
[Result "1/2-1/2"]
[WhiteElo "1904"]
[BlackElo "1597"]
[PlyCount "98"]
[EventDate "2015.08.09"]
[EventType "swiss"]
[EventRounds "9"]
[EventCountry "LTU"]
[SourceTitle "CBM 167 Extra"]
[Source "ChessBase"]
[SourceDate "2015.09.14"]
[SourceVersion "1"]
[SourceVersionDate "2015.09.14"]
[SourceQuality "1"]

1. f4 d6 2. Nf3 g6 3. d4 Nf6 4. c4 Bg7 5. Nc3 0-0 6. e4 Nfd7 7. Be2 e5 8. fxe5 dxe5 9. d5 a5 10. 0-0 Na6 11. Be3 Nac5 12. Qc2 b6 13. Rad1 Nb7 14. Bg5 f6 15. Be3 Nd6 16. a3 Ba6 17. Na4 Kh8 18. Rf2 Rb8 19. c5 Bxe2 20. Rxe2 bxc5 21. Nxc5 Nxc5 22. Bxc5 Rf7 23. Qa4 Nb7 24. Bf2 Qd7 25. Qxd7 Rxd7 26. Rc1 Bf8 27. Rc6 Kg8 28. Rec2 Nd6 29. Nd2 Bh6 30. Nc4 Nxe4 31. Nxa5 Rxd5 32. Be1 Be3+ 33. Kf1 Bb6 34. Nc4 Rc5 35. Rxc5 Bxc5 36. b4 Bd4 37. a4 Kf7 38. Na5 c5 39. b5 Ke6 40. Nc6 Rc8 41. a5 Kd7 42. a6 Nd6 43. Na7 Rb8 44. Nc6 Ra8 45. Nxd4 cxd4 46. Rb2 Kc8 47. Ba5 d3 48. Rb3 e4 49. Bc3 Kd7 1/2-1/2

[Event "Wch Seniors 65 24th"]
[Site "Katerini"]
[Date "2014.11.04"]
[Round "11"]
[White "Kratschmer, Heinz"]
[Black "Belokopyt, Boris Khaimovich"]
[Result "1/2-1/2"]
[WhiteElo "2109"]
[BlackElo "1940"]
[PlyCount "79"]
[EventDate "2014.10.24"]
[EventType "swiss"]
[EventRounds "11"]
[EventCountry "GRE"]
[SourceTitle "EXT 2015"]
[Source "ChessBase"]
[SourceDate "2014.11.20"]
[SourceVersion "1"]
[SourceVersionDate "2014.11.20"]
[SourceQuality "1"]

1. d4 Nf6 2. Nf3 e6 3. e3 d5 4. Bd3 c5 5. c3 Nbd7 6. 0-0 Be7 7. Nbd2 0-0 8. Qe2 a6 9. e4 dxe4 10. Nxe4 Nxe4 11. Qxe4 Nf6 12. Qh4 cxd4 13. Rd1 Qa5 14. Bxh7+ Nxh7 15. Qxe7 dxc3 16. bxc3 e5 17. Qxe5 Qxe5 18. Nxe5 Be6 19. Be3 Rfc8 20. Bd4 Nf6 21. a4 Nd5 22. Rd3 f6 23. Ng6 Kf7 24. Rg3 Rc4 25. a5 Rac8 26. h4 Nxc3 27. Bxc3 Rxc3 28. Rxc3 Rxc3 29. Nf4 Rb3 30. Nxe6 Kxe6 31. Ra4 f5 32. g3 g6 33. Kg2 Rb2 34. g4 fxg4 35. Rxg4 Kf5 36. Ra4 Rb3 37. f3 Rb2+ 38. Kg3 Rb5 39. Rg4 Kf6 40. Ra4 1/2-1/2

[Event "Wch Seniors 65 24th"]
[Site "Katerini"]
[Date "2014.11.03"]
[Round "10"]
[White "Belokopyt, Boris Khaimovich"]
[Black "El Gheiadi, Ibrahim"]
[Result "1-0"]
[WhiteElo "1940"]
[BlackElo "2085"]
[PlyCount "89"]
[EventDate "2014.10.24"]
[EventType "swiss"]
[EventRounds "11"]
[EventCountry "GRE"]
[SourceTitle "EXT 2015"]
[Source "ChessBase"]
[SourceDate "2014.11.20"]
[SourceVersion "1"]
[SourceVersionDate "2014.11.20"]
[SourceQuality "1"]

1. Nf3 c5 2. c4 Nc6 3. Nc3 d6 4. g3 e5 5. Bg2 Nf6 6. 0-0 Be7 7. e3 Bg4 8. h3 Bh5 9. Qa4 0-0 10. a3 Nd7 11. Nd5 Nb6 12. Nxb6 axb6 13. Qc2 f5 14. d3 Qc7 15. Bd2 Bg6 16. Nh2 f4 17. Bxc6 fxg3 18. Bd5+ Kh8 19. fxg3 Bf5 20. Bg2 Qd7 21. g4 Be6 22. Rxf8+ Rxf8 23. Rf1 Rxf1+ 24. Nxf1 h5 25. gxh5 Bxh3 26. Be1 Qg4 27. Kh1 Bxg2+ 28. Qxg2 Qd1 29. Qd2 Qf3+ 30. Kg1 Qg4+ 31. Bg3 Bg5 32. Qf2 Qd1 33. Qf8+ Kh7 34. Qf5+ Kh8 35. Qxg5 Qxd3 36. h6 gxh6 37. Qxh6+ Kg8 38. Bh4 Qe4 39. Qg5+ Kh7 40. Ng3 Qb1+ 41. Kh2 Qxb2+ 42. Kh3 Qa1 43. Qf5+ Kg8 44. Qg6+ Kf8 45. Bf6 1-0

[Event "Wch Seniors 65 24th"]
[Site "Katerini"]
[Date "2014.10.31"]
[Round "7"]
[White "Hmooda, Elhabib"]
[Black "Belokopyt, Boris Khaimovich"]
[Result "1/2-1/2"]
[WhiteElo "1718"]
[BlackElo "1940"]
[PlyCount "97"]
[EventDate "2014.10.24"]
[EventType "swiss"]
[EventRounds "11"]
[EventCountry "GRE"]
[SourceTitle "EXT 2015"]
[Source "ChessBase"]
[SourceDate "2014.11.20"]
[SourceVersion "1"]
[SourceVersionDate "2014.11.20"]
[SourceQuality "1"]

1. d4 Nf6 2. Nc3 d5 3. g3 Bf5 4. Bg2 e6 5. Bg5 Be7 6. Nf3 0-0 7. 0-0 c5 8. e3 Nc6 9. Re1 h6 10. Bxf6 Bxf6 11. dxc5 Bxc3 12. bxc3 Qa5 13. Nd4 Bg6 14. Nxc6 bxc6 15. Qd4 Bxc2 16. e4 Rab8 17. f4 Rb5 18. c4 Rxc5 19. cxd5 cxd5 20. exd5 exd5 21. Re5 Rd8 22. Rae1 Ba4 23. Re7 Rdc8 24. Bh3 Rf8 25. Bf5 Rc4 26. Qxa7 Qc3 27. R7e3 Qb2 28. R3e2 Qb4 29. Bd3 Rd4 30. Bf5 Rd1 31. Qe7 Qb6+ 32. Qe3 d4 33. Qf2 Qb4 34. Rxd1 Bxd1 35. Rd2 Bh5 36. Qxd4 Qa3 37. Qd6 Qe3+ 38. Kf1 Re8 39. Rf2 Bf3 40. Qd2 Be2+ 41. Rxe2 Qf3+ 42. Ke1 Qh1+ 43. Kf2 Qxh2+ 44. Kf3 Qh5+ 45. Bg4 Qh1+ 46. Rg2 Qf1+ 47. Rf2 Qh1+ 48. Rg2 Qf1+ 49. Rf2 1/2-1/2

[Event "Wch Seniors 65 24th"]
[Site "Katerini"]
[Date "2014.10.29"]
[Round "6"]
[White "Belokopyt, Boris Khaimovich"]
[Black "Chirinos Cabrera, Cleren Jesus"]
[Result "0-1"]
[WhiteElo "1940"]
[BlackElo "2009"]
[PlyCount "86"]
[EventDate "2014.10.24"]
[EventType "swiss"]
[EventRounds "11"]
[EventCountry "GRE"]
[SourceTitle "EXT 2015"]
[Source "ChessBase"]
[SourceDate "2014.11.20"]
[SourceVersion "1"]
[SourceVersionDate "2014.11.20"]
[SourceQuality "1"]

1. Nf3 Nf6 2. c4 g6 3. d4 Bg7 4. Nc3 0-0 5. e4 d6 6. h3 c6 7. Be2 Qc7 8. 0-0 e5 9. Be3 Nbd7 10. Qd2 Re8 11. dxe5 dxe5 12. b4 Nf8 13. Rad1 Nh5 14. c5 Nf4 15. Bc4 Be6 16. Bxe6 N8xe6 17. b5 Rad8 18. Qc1 Qa5 19. bxc6 bxc6 20. Rd6 Qxc3 21. Rxe6 fxe6 22. Bxf4 exf4 23. Qxf4 Qxc5 24. e5 Qe7 25. Rc1 c5 26. Qe4 Rd5 27. h4 Red8 28. Rc4 Qb7 29. Kh2 Qb2 30. Rc2 Qa1 31. Re2 Qd1 32. Re1 Qd3 33. Qa4 R5d7 34. Re3 Qd5 35. Qa6 c4 36. Kh3 h6 37. Nh2 Bxe5 38. Ng4 Bg7 39. Rxe6 Rd6 40. Rxd6 Rxd6 41. Qxa7 c3 42. Qb8+ Rd8 43. Qb1 Qd3+ 0-1

[Event "Wch Seniors 23rd"]
[Site "Opatija"]
[Date "2013.11.20"]
[Round "8"]
[White "Belokopyt, Boris Khaimovich"]
[Black "Benson, Lachlan"]
[Result "1-0"]
[WhiteElo "1942"]
[BlackElo "2039"]
[PlyCount "93"]
[EventDate "2013.11.12"]
[EventType "swiss"]
[EventRounds "11"]
[EventCountry "CRO"]
[SourceTitle "CBM 157 Extra"]
[Source "ChessBase"]
[SourceDate "2013.12.19"]
[SourceVersion "1"]
[SourceVersionDate "2013.12.19"]
[SourceQuality "1"]

1. d4 Nf6 2. c4 g6 3. Nc3 d5 4. Bg5 dxc4 5. Bxf6 exf6 6. e3 Bg7 7. Bxc4 0-0 8. Nf3 c6 9. a4 b6 10. 0-0 Bb7 11. Qb3 Nd7 12. Rad1 Qc7 13. Qa2 Rad8 14. e4 Qf4 15. Rfe1 g5 16. Re3 a6 17. Ne2 Qc7 18. Ng3 b5 19. Bd3 Qa5 20. b3 Nb6 21. Bc2 Qb4 22. Nf5 bxa4 23. bxa4 Bc8 24. Rb1 Qa5 25. Ne7+ Kh8 26. Nxc6 Be6 27. Nxa5 Bxa2 28. Rxb6 g4 29. Ne1 Rxd4 30. Rxa6 Rc8 31. g3 Rd2 32. Rc6 Rcd8 33. Rd3 R2xd3 34. Nxd3 h5 35. Nb7 Rd7 36. Nd6 Kh7 37. Nf4 h4 38. gxh4 Be6 39. e5+ Kh6 40. Nxe6 fxe6 41. Ne8 Rd2 42. Nxg7 Kxg7 43. exf6+ Kxf6 44. Bb3 Re2 45. Bxe6 Rxe6 46. Rxe6+ Kxe6 47. a5 1-0

[Event "Wch Seniors 23rd"]
[Site "Opatija"]
[Date "2013.11.13"]
[Round "2"]
[White "Wittmann, Walter"]
[Black "Belokopyt, Boris Khaimovich"]
[Result "1-0"]
[WhiteElo "2224"]
[BlackElo "1942"]
[PlyCount "51"]
[EventDate "2013.11.12"]
[EventType "swiss"]
[EventRounds "11"]
[EventCountry "CRO"]
[SourceTitle "CBM 157 Extra"]
[Source "ChessBase"]
[SourceDate "2013.12.19"]
[SourceVersion "1"]
[SourceVersionDate "2013.12.19"]
[SourceQuality "1"]

1. e4 d6 2. d4 Nf6 3. Nc3 c6 4. f4 Nbd7 5. e5 Nd5 6. Nxd5 cxd5 7. Nf3 e6 8. Bd3 dxe5 9. fxe5 Be7 10. Qe2 Nf8 11. h4 h6 12. c3 Bd7 13. a4 a6 14. Bd2 Bc6 15. g3 Qd7 16. b3 Rc8 17. 0-0 Bd8 18. Nh2 b5 19. axb5 axb5 20. Rfb1 Be7 21. Ng4 Qd8 22. Rf1 Nd7 23. h5 0-0 24. Rf2 Qe8 25. Raf1 f5 26. exf6 1-0

[Event "EU-ch Seniors 13th"]
[Site "Plovdiv"]
[Date "2013.03.14"]
[Round "4"]
[White "Belokopyt, Boris Khaimovich"]
[Black "Grabow, Pouelsten Holm"]
[Result "1/2-1/2"]
[WhiteElo "1959"]
[BlackElo "2145"]
[PlyCount "122"]
[EventDate "2013.03.11"]
[EventType "swiss"]
[EventRounds "9"]
[EventCountry "BUL"]
[SourceTitle "CBM 153 Extra"]
[Source "ChessBase"]
[SourceDate "2013.04.22"]
[SourceVersion "1"]
[SourceVersionDate "2013.04.22"]
[SourceQuality "1"]

1. e4 e6 2. d4 d5 3. Nd2 Nc6 4. c3 e5 5. Ngf3 exd4 6. cxd4 Nf6 7. e5 Ne4 8. Bd3 Bf5 9. Qe2 Nxd2 10. Bxd2 Qd7 11. 0-0 Be7 12. a3 0-0 13. b4 Nd8 14. b5 Bxd3 15. Qxd3 Ne6 16. a4 a6 17. Rfb1 axb5 18. Qxb5 Qxb5 19. Rxb5 Ra7 20. Rxd5 Rfa8 21. Rd7 Bd8 22. g3 Nf8 23. Rd5 c6 24. Rc5 Nd7 25. Rc2 Rxa4 26. Rxa4 Rxa4 27. d5 c5 28. e6 fxe6 29. dxe6 Nf8 30. Rxc5 Nxe6 31. Rc8 Kf7 32. Rb8 Ra1+ 33. Kg2 Rb1 34. Ne5+ Ke7 35. Nc6+ Kd7 36. Nxd8 Nxd8 37. Bc3 g6 38. Bf6 Nc6 39. Rh8 Ke6 40. Bg5 h5 41. Rf8 Ne5 42. Rf6+ Kd5 43. Bf4 Nd3 44. Rd6+ Kc4 45. Rxg6 b5 46. Bh6 b4 47. Bg7 b3 48. Rb6 Nb4 49. f4 b2 50. Kh3 Nd3 51. f5 Rf1 52. Bxb2 Rxf5 53. Ba3 Ne5 54. Rb4+ Kd5 55. Rb5+ Ke4 56. Bb2 Nf3 57. Rb4+ Kd5 58. Rf4 Rxf4 59. gxf4 Ke4 60. Bc1 Kf5 61. Kg3 Nd4 1/2-1/2

[Event "EU-ch Seniors 13th"]
[Site "Plovdiv"]
[Date "2013.03.12"]
[Round "2"]
[White "Belokopyt, Boris Khaimovich"]
[Black "Arnaudov, Petar"]
[Result "0-1"]
[WhiteElo "1959"]
[BlackElo "2154"]
[PlyCount "122"]
[EventDate "2013.03.11"]
[EventType "swiss"]
[EventRounds "9"]
[EventCountry "BUL"]
[SourceTitle "CBM 153 Extra"]
[Source "ChessBase"]
[SourceDate "2013.04.22"]
[SourceVersion "1"]
[SourceVersionDate "2013.04.22"]
[SourceQuality "1"]

1. e4 c5 2. Nf3 Qa5 3. Nc3 g6 4. g3 Bg7 5. Bg2 Nc6 6. 0-0 d6 7. h3 e6 8. Ne2 Nge7 9. c3 0-0 10. d3 b5 11. d4 b4 12. Bd2 Qb6 13. e5 d5 14. Be3 Nf5 15. Qd2 bxc3 16. bxc3 Ba6 17. Rfe1 Rab8 18. Rac1 Qa5 19. g4 Nxe3 20. Qxe3 Rb2 21. dxc5 Bxe2 22. Rxe2 Rxe2 23. Qxe2 Qxc5 24. Bf1 Rb8 25. Rc2 h6 26. Kg2 Rb1 27. h4 Qb6 28. c4 d4 29. Qe4 Qc5 30. h5 Nxe5 31. Nxd4 Rd1 32. Nf3 gxh5 33. gxh5 Nd7 34. Be2 Rd6 35. Rd2 Rxd2 36. Nxd2 Qg5+ 37. Kf1 Qxd2 38. Qa8+ Nf8 39. Qxa7 Bd4 40. Qa8 Qc1+ 41. Kg2 Kg7 42. Qe4 f5 43. Qb7+ Kg8 44. Qa8 Qf4 45. Qf3 Qxf3+ 46. Kxf3 Kf7 47. Kg3 e5 48. f3 Ne6 49. Bd3 Kf6 50. Bc2 Nf4 51. a4 Nxh5+ 52. Kg2 Nf4+ 53. Kg3 Kg5 54. a5 h5 55. a6 h4+ 56. Kh2 Ne6 57. Ba4 Nc7 58. Bb5 Nxb5 59. cxb5 Kf4 60. Kg2 h3+ 61. Kxh3 Kxf3 0-1

[Event "Wch Seniors 22nd"]
[Site "Kamena Vourla"]
[Date "2012.11.23"]
[Round "10"]
[White "Beltz, Robert"]
[Black "Belokopyt, Boris Khaimovich"]
[Result "1-0"]
[WhiteElo "2105"]
[BlackElo "1962"]
[PlyCount "79"]
[EventDate "2012.11.13"]
[EventType "swiss"]
[EventRounds "11"]
[EventCountry "GRE"]
[SourceTitle "CBM 151 Extra"]
[Source "ChessBase"]
[SourceDate "2012.12.18"]
[SourceVersion "1"]
[SourceVersionDate "2012.12.18"]
[SourceQuality "1"]

1. Nf3 Nf6 2. c4 c5 3. Nc3 Nc6 4. d4 cxd4 5. Nxd4 d6 6. e4 g6 7. Be2 Bg7 8. Be3 0-0 9. 0-0 a6 10. Rc1 e5 11. Nc2 Be6 12. f3 Ne8 13. Qd2 f5 14. Rfd1 f4 15. Bf2 Qf6 16. Nd5 Qf7 17. Nb6 Rd8 18. b4 g5 19. a4 h5 20. b5 Nb8 21. c5 g4 22. Ne1 Qg6 23. Bc4 Bxc4 24. Rxc4 g3 25. hxg3 fxg3 26. Be3 axb5 27. axb5 Nc7 28. cxd6 Kh7 29. Rxc7 Rf6 30. Qa2 Rfxd6 31. Rxd6 Rxd6 32. Rc8 Bh6 33. Bxh6 Rxb6 34. Rxb8 Rxb5 35. Be3 Qg7 36. Qe6 Rb1 37. Kf1 Qg6 38. Qd7+ Qg7 39. Qf5+ Qg6 40. Rh8+ 1-0

[Event "Wch Seniors 22nd"]
[Site "Kamena Vourla"]
[Date "2012.11.15"]
[Round "3"]
[White "Belokopyt, Boris Khaimovich"]
[Black "Gruzmann, Boris"]
[Result "0-1"]
[WhiteElo "1962"]
[BlackElo "2323"]
[PlyCount "100"]
[EventDate "2012.11.13"]
[EventType "swiss"]
[EventRounds "11"]
[EventCountry "GRE"]
[SourceTitle "CBM 151 Extra"]
[Source "ChessBase"]
[SourceDate "2012.12.18"]
[SourceVersion "1"]
[SourceVersionDate "2012.12.18"]
[SourceQuality "1"]

1. Nf3 g6 2. d4 Nf6 3. c4 Bg7 4. Nc3 0-0 5. e4 d6 6. Be2 Bg4 7. h3 Bxf3 8. Bxf3 Nc6 9. Be3 e5 10. d5 Nd4 11. 0-0 c5 12. dxc6 bxc6 13. Bxd4 exd4 14. Qxd4 Nd5 15. Qd2 Nxc3 16. bxc3 Be5 17. Bg4 Qf6 18. Rad1 Rfd8 19. f4 Bxc3 20. Qd3 Bb4 21. f5 Qe5 22. fxg6 hxg6 23. Qf3 Rf8 24. Kh1 Rad8 25. Rb1 Qc5 26. a3 Bxa3 27. Rb7 Qxc4 28. Rxa7 Bb2 29. Rc7 Be5 30. Qe2 Qb3 31. Qf3 Qxf3 32. Rxf3 d5 33. Rxc6 dxe4 34. Rf1 Rd2 35. Rc5 Bg3 36. Rcc1 Rfd8 37. Kg1 f5 38. Bd1 e3 39. Bb3+ Kg7 40. Rf3 e2 41. Rxg3 Rd1+ 42. Rxd1 Rxd1+ 43. Bxd1 exd1Q+ 44. Kh2 Qd6 45. h4 Kf6 46. Kh3 Qf4 47. Rg5 Qf1 48. Kg3 Qh1 49. Kf3 Qxh4 50. Rg3 g5 0-1

[Event "EU-ch Seniors 12th"]
[Site "Kaunas"]
[Date "2012.08.22"]
[Round "5"]
[White "Strumilo, Slawomir"]
[Black "Belokopyt, Boris Khaimovich"]
[Result "1-0"]
[WhiteElo "1790"]
[BlackElo "2002"]
[PlyCount "67"]
[EventDate "2012.08.18"]
[EventType "swiss"]
[EventRounds "9"]
[EventCountry "LTU"]
[SourceTitle "CBM 150 Extra"]
[Source "ChessBase"]
[SourceDate "2012.10.19"]
[SourceVersion "1"]
[SourceVersionDate "2012.10.19"]
[SourceQuality "1"]

1. e4 Nf6 2. e5 Nd5 3. d4 d6 4. Bc4 e6 5. Nf3 Nb6 6. Bd3 Be7 7. 0-0 0-0 8. Qe2 d5 9. c3 f5 10. exf6 Bxf6 11. Ne5 Bxe5 12. Qxe5 Qe7 13. Qh5 g6 14. Qe2 N8d7 15. Bh6 Re8 16. f4 c5 17. Rf3 cxd4 18. cxd4 Qf6 19. Qf2 Nc4 20. Nc3 a6 21. Re1 Qf7 22. f5 exf5 23. Rxe8+ Qxe8 24. Nxd5 Nd6 25. Nc7 Qd8 26. Nxa8 b5 27. Bf4 Bb7 28. Bxd6 Nf6 29. Be5 Ng4 30. Qg3 Qxa8 31. Bxf5 Bxf3 32. Be6+ Kf8 33. Qf4+ Ke8 34. Qf7+ 1-0

[Event "EU-ch Seniors 11th"]
[Site "Courmayeur"]
[Date "2011.04.14"]
[Round "9"]
[White "Belokopyt, Boris Khaimovich"]
[Black "Topaloglu, Hayati"]
[Result "1-0"]
[WhiteElo "2066"]
[BlackElo "1881"]
[PlyCount "93"]
[EventDate "2011.04.06"]
[EventType "swiss"]
[EventRounds "9"]
[EventCountry "ITA"]
[SourceTitle "CBM 141 Extra"]
[Source "ChessBase"]
[SourceDate "2011.05.03"]
[SourceVersion "1"]
[SourceVersionDate "2011.05.03"]
[SourceQuality "1"]

1. e4 e6 2. c4 c6 3. Nc3 Ne7 4. e5 d5 5. exd6 Qxd6 6. d4 Nd7 7. Nf3 Ng6 8. h4 h6 9. h5 Ne7 10. g3 g5 11. c5 Qc7 12. Ne4 Nd5 13. Be2 Be7 14. Bd2 f5 15. Nexg5 hxg5 16. Nxg5 Bxg5 17. Bxg5 N7f6 18. h6 Qh7 19. Bf3 Rg8 20. Bd2 Bd7 21. a4 Ke7 22. a5 a6 23. Qe2 Rad8 24. Ra3 Ne4 25. Bxe4 fxe4 26. Qh5 Be8 27. Qh4+ Kd7 28. Bg5 Rc8 29. Rb3 Rb8 30. Bf4 Nxf4 31. Qxf4 Kc8 32. Qe5 Bd7 33. Re3 Rg4 34. Qd6 Rg5 35. Qf8+ Kc7 36. Qf4+ e5 37. Qxg5 exd4 38. Qe5+ Kc8 39. Qxd4 Bf5 40. f3 Ra8 41. fxe4 Bg6 42. Rf3 Kb8 43. Qg7 Bxe4 44. Rf8+ Ka7 45. Rxa8+ Kxa8 46. Qxh7 Bxh7 47. Rf1 1-0

[Event "EU-ch Seniors 11th"]
[Site "Courmayeur"]
[Date "2011.04.13"]
[Round "8"]
[White "Benito Alba, Eladio"]
[Black "Belokopyt, Boris Khaimovich"]
[Result "0-1"]
[WhiteElo "1775"]
[BlackElo "2066"]
[PlyCount "56"]
[EventDate "2011.04.06"]
[EventType "swiss"]
[EventRounds "9"]
[EventCountry "ITA"]
[SourceTitle "CBM 141 Extra"]
[Source "ChessBase"]
[SourceDate "2011.05.03"]
[SourceVersion "1"]
[SourceVersionDate "2011.05.03"]
[SourceQuality "1"]

1. d4 d5 2. c4 c6 3. Nf3 Nf6 4. e3 e6 5. Nc3 Be7 6. Bd3 dxc4 7. Bxc4 0-0 8. 0-0 b5 9. Bd3 a6 10. Qc2 h6 11. e4 c5 12. e5 Nfd7 13. dxc5 Nxc5 14. Be4 Ra7 15. Be3 Rc7 16. Rfd1 Nbd7 17. Bxc5 Rxc5 18. b4 Rc4 19. a3 Qc7 20. Rac1 Nxe5 21. Nxe5 Qxe5 22. Bf3 Bf6 23. Rd3 Qf4 24. Qd1 e5 25. Bd5 Rd4 26. Rxd4 exd4 27. Ne2 Qd6 28. Bf3 d3 0-1

[Event "EU-ch Seniors 11th"]
[Site "Courmayeur"]
[Date "2011.04.11"]
[Round "6"]
[White "Papa, Angelo"]
[Black "Belokopyt, Boris Khaimovich"]
[Result "1-0"]
[WhiteElo "1866"]
[BlackElo "2066"]
[PlyCount "91"]
[EventDate "2011.04.06"]
[EventType "swiss"]
[EventRounds "9"]
[EventCountry "ITA"]
[SourceTitle "CBM 141 Extra"]
[Source "ChessBase"]
[SourceDate "2011.05.03"]
[SourceVersion "1"]
[SourceVersionDate "2011.05.03"]
[SourceQuality "1"]

1. d4 Nf6 2. Nf3 c5 3. e3 b6 4. Bd3 Bb7 5. 0-0 g6 6. b3 Bg7 7. Bb2 0-0 8. Nbd2 d6 9. Qe2 Nbd7 10. Rad1 Qc7 11. c4 e5 12. d5 a5 13. a4 Rae8 14. e4 Nh5 15. g3 f5 16. Ng5 fxe4 17. Ndxe4 Qb8 18. Ne6 Rf7 19. N4g5 Rfe7 20. Nxh7 Kxh7 21. Qxh5+ Kg8 22. Bxg6 Nf6 23. Qh4 Rxe6 24. dxe6 Rxe6 25. f4 Qc7 26. Bf5 Re8 27. Qh3 Kf8 28. Be6 Qe7 29. fxe5 dxe5 30. Rd7 Qxe6 31. Qxe6 Rxe6 32. Rxb7 Kg8 33. Re1 e4 34. Bxf6 Bxf6 35. Kf2 e3+ 36. Kf3 Bd4 37. Ke2 Rh6 38. Rh1 Rf6 39. Rf1 Rh6 40. h4 Re6 41. Rff7 Rg6 42. Rfd7 Bg7 43. Rxg7+ Rxg7 44. Rxg7+ Kxg7 45. Kxe3 Kf6 46. Kf4 1-0

[Event "EU-ch Seniors 11th"]
[Site "Courmayeur"]
[Date "2011.04.10"]
[Round "5"]
[White "Sevenyuk, Alexey"]
[Black "Belokopyt, Boris Khaimovich"]
[Result "1/2-1/2"]
[WhiteElo "1932"]
[BlackElo "2066"]
[PlyCount "22"]
[EventDate "2011.04.06"]
[EventType "swiss"]
[EventRounds "9"]
[EventCountry "ITA"]
[SourceTitle "CBM 141 Extra"]
[Source "ChessBase"]
[SourceDate "2011.05.03"]
[SourceVersion "1"]
[SourceVersionDate "2011.05.03"]
[SourceQuality "1"]

1. e4 c5 2. Nf3 Nc6 3. d4 cxd4 4. Nxd4 Nf6 5. Nc3 d6 6. Bc4 g6 7. f3 Bg7 8. Be3 0-0 9. Qd2 a6 10. 0-0-0 Nxd4 11. Bxd4 b5 1/2-1/2

[Event "EU-ch Seniors rap 11th"]
[Site "Ravenna"]
[Date "2011.04.04"]
[Round "1"]
[White "Belokopyt, Boris Khaimovich"]
[Black "Chernikov, Oleg L"]
[Result "0-1"]
[WhiteElo "2066"]
[BlackElo "2438"]
[PlyCount "41"]
[EventDate "2011.04.04"]
[EventType "swiss (rapid)"]
[EventRounds "9"]
[EventCountry "ITA"]
[SourceTitle "CBM 141 Extra"]
[Source "ChessBase"]
[SourceDate "2011.05.03"]
[SourceVersion "1"]
[SourceVersionDate "2011.05.03"]
[SourceQuality "1"]

1. e4 c5 2. Nf3 g6 3. c3 Bg7 4. d4 cxd4 5. cxd4 d5 6. e5 Bg4 7. Be2 Nc6 8. h3 Bxf3 9. Bxf3 e6 10. Nc3 Nge7 11. 0-0 0-0 12. Nb5 Qb6 13. Qb3 a6 14. Nd6 Nxd4 15. Bd1 Bxe5 16. Nxb7 Rfb8 17. Nc5 Bd6 18. Nd7 Rb7 19. Nf6+ Kg7 20. Be3 Nxb3 21. Bxb3 0-1

[Event "EU-ch Seniors rap 11th"]
[Site "Ravenna"]
[Date "2011.04.04"]
[Round "3"]
[White "Belokopyt, Boris Khaimovich"]
[Black "Tseitlin, Mark D"]
[Result "1-0"]
[WhiteElo "2066"]
[BlackElo "2420"]
[PlyCount "47"]
[EventDate "2011.04.04"]
[EventType "swiss (rapid)"]
[EventRounds "9"]
[EventCountry "ITA"]
[SourceTitle "CBM 141 Extra"]
[Source "ChessBase"]
[SourceDate "2011.05.03"]
[SourceVersion "1"]
[SourceVersionDate "2011.05.03"]
[SourceQuality "1"]

1. e4 c5 2. Nf3 d6 3. d4 cxd4 4. Nxd4 Nf6 5. c3 Nc6 6. Be2 g6 7. Be3 Bg7 8. Qd2 0-0 9. Nxc6 bxc6 10. Bh6 Bxh6 11. Qxh6 Qa5 12. Qd2 Qa3 13. b3 Bf5 14. Qc1 Qc5 15. Bd3 e5 16. f3 a5 17. h4 h5 18. g4 hxg4 19. fxg4 a4 20. h5 g5 21. Rf1 Qc4 22. Qf4 Rfd8 23. Qxe5 Kg7 24. Qxf5 1-0

[Event "Wch Seniors 20th"]
[Site "Arco"]
[Date "2010.11.04"]
[Round "9"]
[White "Schweiger, Georg"]
[Black "Belokopyt, Boris Khaimovich"]
[Result "1/2-1/2"]
[WhiteElo "2166"]
[BlackElo "2041"]
[PlyCount "33"]
[EventDate "2010.10.26"]
[EventType "swiss"]
[EventRounds "11"]
[EventCountry "ITA"]
[SourceTitle "EXT 2011"]
[Source "ChessBase"]
[SourceDate "2010.11.26"]
[SourceVersion "1"]
[SourceVersionDate "2010.11.26"]
[SourceQuality "1"]

1. d4 e6 2. e4 d5 3. e5 c5 4. c3 Nc6 5. Nf3 Nge7 6. dxc5 Ng6 7. Bb5 Bxc5 8. 0-0 0-0 9. Qe2 Qc7 10. Re1 a5 11. g3 Qb6 12. Bd3 Nce7 13. Nbd2 a4 14. b4 axb3 15. Nxb3 Ba3 16. Be3 Qc7 17. Bd4 1/2-1/2